Actors who worked with the Daniels - Statistics

General Stats
  • This quiz has been taken 12 times
  • The average score is 6 of 13
Answer Stats
Films Answer % Correct
Everything Everywhere All at Once Michelle Yeoh
100%
Everything Everywhere All at Once Ke Huy Quan
91%
Everything Everywhere All at Once James Hong
73%
Swiss Army Man Daniel Radcliffe
64%
Everything Everywhere All at Once Jamie Lee Curtis
64%
Swiss Army Man Paul Dano
64%
Everything Everywhere All at Once Stephanie Hsu
55%
Everything Everywhere All at Once Jenny Slate
45%
Swiss Army Man Mary Elizabeth Winstead
27%
Everything Everywhere All at Once Harry Shum Jr.
18%
Swiss Army Man Antonia Ribero
9%
Everything Everywhere All at Once Tallie Medel
9%
Swiss Army Man Timothy Eulich
9%
No matching quizzes found
Score Distribution
Percent of People with Each Score
Percentile by Number Answered
Your Score History
You have not taken this quiz